000 00294nam a22001217a 4500
008 181009b xxu||||| |||| 00| 0 eng d
041 _aeng
080 _a370
100 _a49
101 _aPSI
245 _aRevitalizing Teaching Through Faculty Development
_cLacey.A.
942 _2udc
_cBK
999 _c49205
_d49205